<?xml version="1.0" encoding="UTF-8"?>
<marc:record xmlns:marc="http://www.loc.gov/MARC21/slim">
   <marc:leader>00000nam a2200000 a 4500</marc:leader>
   <marc:datafield ind1="1" ind2=" " tag="100">
      <marc:subfield code="a">Krauss, Nico</marc:subfield>
      <marc:subfield code="4">ctb</marc:subfield>
      <marc:subfield code="e">Mitwirkende/-r</marc:subfield>
   </marc:datafield>
   <marc:datafield ind1="1" ind2=" " tag="100">
      <marc:subfield code="a">Pott, Richard</marc:subfield>
      <marc:subfield code="4">ctb</marc:subfield>
      <marc:subfield code="e">Mitwirkende/-r</marc:subfield>
   </marc:datafield>
   <marc:datafield ind1=" " ind2=" " tag="653">
      <marc:subfield code="a">Watt</marc:subfield>
   </marc:datafield>
   <marc:datafield ind1=" " ind2=" " tag="653">
      <marc:subfield code="a">Bildband</marc:subfield>
   </marc:datafield>
   <marc:datafield ind1="0" ind2="0" tag="245">
      <marc:subfield code="a">Stille Watten, weites Meer</marc:subfield>
   </marc:datafield>
   <marc:datafield ind1="0" ind2="0" tag="245">
      <marc:subfield code="b">das Weltnaturerbe neu entdeckt</marc:subfield>
   </marc:datafield>
   <marc:datafield ind1="0" ind2="0" tag="245">
      <marc:subfield code="c">Nico Krauss ; Richard Pott</marc:subfield>
   </marc:datafield>
   <marc:datafield ind1=" " ind2="1" tag="264">
      <marc:subfield code="a">Bielefeld</marc:subfield>
      <marc:subfield code="b">Delius Klasing</marc:subfield>
      <marc:subfield code="c">2011</marc:subfield>
   </marc:datafield>
   <marc:datafield ind1=" " ind2=" " tag="250">
      <marc:subfield code="a">1. Aufl.</marc:subfield>
   </marc:datafield>
   <marc:datafield ind1="1" ind2=" " tag="520">
      <marc:subfield code="a">Angaben aus der Verlagsmeldung

Stille Watten, weites Meer : Das Weltnaturerbe neu entdeckt / von Nico Krauss, Richard Pott

Auch vor unserer Haustür gibt es Wildnis: Das Wattenmeer, das sich von Dänemark im Norden bis hinunter in die Niederlande entlang der Nordseeküste erstreckt. Seine scheinbar unendliche Weite fasziniert uns ebenso wie der stetige Wechsel der Gezeiten. Mit einer Größe von etwa 9500 Quadratkilometern ist es eines der größten Feuchtgebiete der Erde. Das niederländische Wattenmeer-Schutzgebiet und die deutschen Nationalparks Niedersächsisches und Schleswig-Holsteinisches Wattenmeer wurden 2009 von der UNESCO zum Weltnaturerbe erklärt. Die großartigen Aufnahmen des Hamburger Fotografen Nico Krauss zeigen diese unvergleichliche Landschaft in all ihren Facetten. Prof. Richard Pott, Leiter des Instituts für Geobotanik an der Universität Hannover und Autor mehrerer Nordsee-Bücher, begleitet die eindrucksvollen Fotos mit sachkundigen Texten. Wer in die einzigartige Atmosphäre der Naturlandschaft Wattenmeer eintauchen möchte, der sollte zu diesem Bildband greifen.
</marc:subfield>
   </marc:datafield>
   <marc:datafield ind1=" " ind2=" " tag="020">
      <marc:subfield code="a">9783768833219</marc:subfield>
      <marc:subfield code="9">9783768833219</marc:subfield>
   </marc:datafield>
   <marc:datafield ind1=" " ind2=" " tag="020">
      <marc:subfield code="a">3768833216</marc:subfield>
      <marc:subfield code="9">3768833216</marc:subfield>
   </marc:datafield>
   <marc:datafield ind1=" " ind2=" " tag="041">
      <marc:subfield code="a">ger</marc:subfield>
   </marc:datafield>
   <marc:datafield ind1=" " ind2=" " tag="300">
      <marc:subfield code="a">141 S.</marc:subfield>
   </marc:datafield>
</marc:record>
